| 000 | 00617nam a2200181Ia 4500 | ||
|---|---|---|---|
| 008 | 190422s9999 xx 000 0 und d | ||
| 100 | _aGuerrero-Pico, Mar | ||
| 245 | _aToward a typology of young producers: Teenagers' transmedia skills, media production, and narrative and aesthetic appreciation / | ||
| 245 | _cMar Guerrero-Pico, Maria-Jose Masanet and Carlos Scolari.-- | ||
| 260 | _bSage | ||
| 260 | _c2019 | ||
| 300 | _apages 336-353, February 2019 | ||
| 440 |
_aNew Media & Society _v21(2) |
||
| 650 | _aAdolescents | ||
| 650 | _aAesthetic | ||
| 650 | _aMedia Production | ||
| 650 | _aTransmedia Skills | ||
| 999 |
_c361435 _d361435 |
||